| 000 | 00416cam a22001337a 4500 | ||
|---|---|---|---|
| 008 | 180718b1979 xxu||||| |||| 00| 0 eng d | ||
| 082 | _aLx54 F/6 | ||
| 100 | _aIndia. Finance Commission | ||
| 245 | _aReport of the Sixth Finance Commission, 1973 | ||
| 260 |
_aDelhi _bThe Controller of Publications _c1979 |
||
| 300 | _a349+p. | ||
| 500 | _aChairman: K. Brahmananda Reddi | ||
| 700 | _aReddi, K. Brahmananda (Chairman) | ||
| 999 |
_c489388 _d489388 |
||